000
00278nam a2200097 a 4500
005
20140414131953.0
008
090317s19uu xx 00 eng d
050
_a
TR 428.1
_b
V94 2007
245
_a
Vowel sounds Preschool 3:
_b
long & short vowels, letters & sounds.
999
_c
112844
_d
112844